| 000 | 00991nam a2200193 i 4500 | ||
|---|---|---|---|
| 001 | 31991 | ||
| 003 | ES-MaACL | ||
| 005 | 20230906154504.0 | ||
| 007 | t| | ||
| 008 | 030206s1876 sp ||||1| spa d | ||
| 100 | 1 |
_aSaez y Domingo, Gregorio. _9101388 |
|
| 245 | 1 | 0 |
_aDiscursos leídos en la solemne inauguración de la Escuela Práctica de la Sociedad Histológica de Madrid _b: celebrada el dia 30 de abril de 1876 en el paraninfo de la Universidad Central / _cpor ... Gregorio Saez y Domingo y Andrés del Busto y López. |
| 260 |
_aMadrid : _b[s.n.], _c1876 ( _fImp. de J.M. Ducazcal) |
||
| 300 |
_aXX, 127 p. ; _c21 cm. |
||
| 505 | 8 | _aContiene con port. propia: Discurso del secretario general de la sociedad D. Gregorio Saez y Domingo. Del destino de la doctrina celular en las teorías médicas reinantes : discurso / Andrés del Busto y López | |
| 700 | 1 |
_aBusto y López, Andrés del. _932918 |
|
| 710 | 2 |
_aSociedad Histológica de Madrid. _96783 |
|
| 852 |
_aES-MaACL _jT-623-F-8 |
||
| 999 |
_c31991 _d31991 |
||